Arvaa lippu vaihtoehdoista - Statistics

Yleistilastot
  • Tätä visaa on pelattu 65 kertaa
  • Keskiarvotulos 10 / 15
Vastaustilastot
Kysymys Vastaus % Oikein
Norja
100%
Pohjois korea
89%
Palau
89%
Sri lanka
79%
Swazimaa
79%
Burundi
71%
Irlanti
68%
Antigua ja barbuda
68%
Moldova
68%
Monaco
64%
Mali
57%
Samoa
54%
Turkmenistan
54%
Etelä sudan
54%
Jemen
46%
Ehtoja vastaavia visoja ei löytynyt
Tulosjakauma
Jokaisen tuloksen saaneiden osuus
Persentiili vastausten määrän mukaan
Tuloshistoriasi
Et ole pelannut tätä visaa